000 00690nam a2200265Ia 4500
001 5499
005 20240113233835.0
007 ta
008 050621s1978 g b000 u hin u
020 _cPB
040 _aCotton College Assam
041 _ahin
082 _a891.43209
_bSi 61 Hi
100 _aSingh, Umasankar.
245 0 _aHindi Ke Samasya Natak /
_cUmasankar Singh.
_hTextual Documents
250 _a1st ed. /
260 _aAllahabad :
_bUrjha Prakashan ,
_c1978.
300 _a239p. ;
_c21cm.
653 _aHindi drama-Analysis
653 _aHindi drama-Criticism
653 _aGen-Hindi
942 _2ddc
_cBK
999 _c5486
_d5486